00703nam a22002294a 45000050016000000100028000160200026000440200011000700350027000810370013001080370019001210820010001401000026001502450066001762600044002422700050002863000031003365000050003676500021004176500032004387000003004702010081100240.0 aENG-99508 B-444808-816 c275.00a9788125931201 c315.00 aEN-83040 B-444808-816 bDBAD/PUB bAllied Pub/Ven a332.1 aPandian, Punithavathy aFinancial services and markets /cby Punithavathy Pandian b  aNew DelhibVikas Pub. Housec2009c2011 a576, Nasjid Road, JangpurabNew Delhie110014 axiii, 418 p. c22cm (Pbk)  aIncludes bibliographical references and index aCapital Markets  aFinancial services industry